Запах острова (Запис № 17544)
[ простий вигляд ]
| 000 -Маркер запису | |
|---|---|
| Контрольне поле сталої довжини | 02073nam a22002657a 4500 |
| 003 - Належність контрольного номера | |
| Контрольне поле | Uzh_bibl |
| 008 - Кодовані дані | |
| Контрольне поле сталої довжини | 260428b |||||||| |||| 00| 0 ukr d |
| 020 ## - Індекс ISBN | |
| ISBN | 5-308-01120-6 |
| Ціна | 1.00 |
| 040 ## - Джерело каталогіз. | |
| Служба первин.кат. | укр. |
| 041 ## - Код мови видання | |
| Код мови оригіналу | українська |
| Код мови тексту | українська |
| 080 ## - Індекс УДК | |
| Індекс УДК | 821(477) |
| 090 ## - Шифри | |
| Поличний індекс | 821(477) |
| Авторський знак | О-51 |
| 100 ## - Автор | |
| Автор | Околітенко, Наталя |
| 245 ## - Назва | |
| Назва | Запах острова |
| Фізичний носій | Текст |
| 260 ## - Вихідні дані | |
| Місце видання | Київ |
| Видавництво | Дніпро |
| Дата видання | 1990 |
| 300 ## - Фізичний опис | |
| Обсяг | 255 с. |
| 490 ## - Серія | |
| Назва серії | Серія "Романи й повісті" № 10 |
| 520 ## - Анотація | |
| Анотація | Збірка повістей розкриває внутрішній світ людини, її переживання, прагнення до гармонії та розуміння себе. Через образ “острова” авторка символічно показує відчуження, самотність і водночас можливість духовного оновлення. Герої опиняються перед моральним вибором, переосмислюють своє життя, стосунки з іншими людьми та навколишнім світом. Твір поєднує реалістичні події з глибокими психологічними й філософськими роздумами. |
| 521 ## - Примітка про цільове призначення | |
| Примітка про цільове призначення | Для широкого кола читачів |
| 546 ## - Примітка про мову | |
| Примітка про мову | укр. |
| 650 ## - Тематичні рубрики | |
| Основна рубрика | Літературно-художнє видання |
| Хронологічна підрубрика | Кінець ХХ століття (радянський і перехідний період) |
| Географічна підрубрика | Україна та умовний/узагальнений “острів” (як символ відокремленого світу, інколи — природа, віддалені місця) |
| 653 ## - Ключові слова | |
| Ключові слова | Самотність |
| -- | Природа |
| -- | Пам’ять |
| -- | Почуття |
| -- | Пошук |
| 655 ## - Термін індексування — жанр/форма | |
| Жанр/форма | Повісті (соціально-психологічна проза з елементами філософського осмислення) |
| Типове ділення | Повісті |
| 942 ## - ADDED ENTRY ELEMENTS (KOHA) | |
| Джерело класифікації чи схема поличного розташування | |
| Koha item type | Книги |
| Статус вилучення | Статус втрати/відсутності | Джерело класифікації чи схема поличного розташування | Статус пошкодження | Тип обігу (не для випозичання) | Постійне розташування | Поточне розташування | Розташування у відділі | Дата надходження | Інвентарний номер | Total Checkouts | Повний (примірниковий) шифр зберігання | Штрих-код | Date last seen | Дата, для якої чинна ціна заміни | Тип одиниці (рівень примірника) |
|---|---|---|---|---|---|---|---|---|---|---|---|---|---|---|---|
| Публічна бібліотека | Публічна бібліотека | Абонемент | 28/04/2026 | 39963 | 821(477) | 20322 | 28/04/2026 | 28/04/2026 | Книги |